Socialist Party Candidates for President and Vice President - Statistics

General Stats
  • This quiz has been taken 6 times
  • The average score is 12 of 28
Answer Stats
Election Candidate % Correct
1904 Eugene V. Debs
100%
1908 Eugene V. Debs
100%
1912 Eugene V. Debs
100%
1920 Eugene V. Debs
100%
1928 Norman Thomas
67%
1932 Norman Thomas
67%
1936 Norman Thomas
67%
1940 Norman Thomas
67%
1944 Norman Thomas
67%
1948 Norman Thomas
67%
1916 Allan L. Benson
50%
1912 Emil Seidel
33%
1948 Tucker P. Smith
33%
1904 Ben Hanford
17%
1908 Ben Hanford
17%
1924 Burton K. Wheeler
17%
1952 Darlington Hoopes
17%
1956 Darlington Hoopes
17%
1944 Darlington Hoopes
17%
1936 George A. Nelson
17%
1916 George R. Kirkpatrick
17%
1928 James H. Maurer
17%
1932 James H. Maurer
17%
1940 Maynard C. Krueger
17%
1924 Robert M. La Follette
17%
1952 Samuel H. Friedman
17%
1956 Samuel H. Friedman
17%
1920 Seymour Stedman
17%
No matching quizzes found
Score Distribution
Percent of People with Each Score
Percentile by Number Answered
Your Score History
You have not taken this quiz